La libertad primera y última / (Record no. 87598)

MARC details
000 -LEADER
campo de control de longitud fija 00519nam a2200169 i 4500
001 - NÚMERO DE CONTROL
campo de control 87598
003 - IDENTIFICADOR DE NÚMERO DE CONTROL
campo de control ES-MaACL
007 - CAMPO FIJO DE DESCRIPCIÓN FÍSICA--INFORMACIÓN GENERAL
campo de control de longitud fija t|
008 - DATOS DE LONGITUD FIJA--INFORMACIÓN GENERAL
campo de control de longitud fija 041222s1984 sp ||||1| spa d
100 1# - ENTRADA PRINCIPAL--NOMBRE DE PERSONA
Nombre de persona Krishnamurti, J.
9 (RLIN) 68859
245 13 - MENCIÓN DEL TÍTULO
Título La libertad primera y última /
Mención de responsabilidad, etc. Krishnamurti ; [traducción de Arturo Orzábal Quintana].
250 ## - MENCION DE EDICION
Mención de edición [1ª ed., reimp.].
260 ## - PUBLICACIÓN, DISTRIBUCIÓN, ETC.
Lugar de publicación, distribución, etc. Barcelona :
Nombre del editor, distribuidor, etc. Edhasa,
Fecha de publicación, distribución, etc. 1984.
300 ## - DESCRIPCIÓN FÍSICA
Extensión 297 p. ;
Dimensiones 19 cm.
700 1# - ENTRADA AGREGADA--NOMBRE PERSONAL
Nombre de persona Orzábal Quintana, Arturo.
9 (RLIN) 87712
852 ## - LOCALIZACIÓN
Ubicación ES-MaACL
Número de control de estantería L-9560
Sublocalización o colección R.111898
Holdings
Estatus retirado Estado de pérdida Estado de daño No para préstamo Biblioteca de origen Biblioteca actual Ubicación en estantería Fecha de adquisición Fuente de adquisición Total de préstamos Signatura topográfica completa Código de barras Visto por última vez Precio de reemplazo Tipo de ítem Koha
        Biblioteca del Ateneo de Madrid Biblioteca del Ateneo de Madrid Depósito 2 17/01/2008     L-9560 1091515 23/02/2023 23/02/2023 Libro impreso